कबीर के दोहे / (Record no. 197985)

MARC details
000 -LEADER
fixed length control field 00927nam a22002057a 4500
005 - DATE AND TIME OF LATEST TRANSACTION
control field 20230911163638.0
010 ## - LCCN (DPL NO)
LC control number B-755771
020 ## - INTERNATIONAL STANDARD BOOK NUMBER
International Standard Book Number 9789380667164
Terms of availability 350.00
035 ## - SYSTEM CONTROL NUMBER
System control number B-755771
037 ## - SOURCE OF ACQUISITION
Source of stock number/acquisition यश प्रकाशन
082 ## - DEWEY DECIMAL CLASSIFICATION NUMBER
Edition number 2009
Classification number 50
Item number 1
100 ## - MAIN ENTRY--PERSONAL NAME
Personal name चौहान ,जी .एस
245 ## - TITLE STATEMENT
Title कबीर के दोहे /
Statement of responsibility, etc जी.एस.चौहान द्वारा संकलित
260 ## - PUBLICATION, DISTRIBUTION, ETC. (IMPRINT)
Place of publication, distribution, etc दिल्ली
Name of publisher, distributor, etc यश प्रकाशन
Date of publication, distribution, etc 2021
270 ## - ADDRESS
Address 21-ए,संचारलोक अपार्टमेंट,आई.पी.एक्सटेंशन
City दिल्ली
Postal code 110002
300 ## - PHYSICAL DESCRIPTION
Extent 208पृ
Dimensions 22सेमी (अजिल्द)
700 ## - ADDED ENTRY--PERSONAL NAME
Personal name चौहान , जी.एस.
9 (RLIN) 56246
942 ## - ADDED ENTRY ELEMENTS (KOHA)
Source of classification or shelving scheme Dewey Decimal Classification
Item type Hindi Books
Call number suffix कबीर
Edition 2019
Classification part 50
Holdings
Withdrawn status Lost status Not for loan Collection code Home library Current library Date acquired Source of acquisition Cost, normal purchase price Full call number Barcode Copy number Cost, replacement price Koha item type
      Non-fiction Sarojini Nagar Sarojini Nagar 11/09/2023 उपहार/23.8.23 350.00 कबीर 50 B-755771 1 350.00 Hindi Books

© Delhi Public Library
Hit Counter
free hit counter